000 00718nam a2200253Ia 4500
003 OSt
005 20220923214621.0
006 a|||||r|||| 00| 0
007 ta
008 220922b |||||||| |||| 00| 0 hin d
024 _a171,289
037 _cTextual
040 _aARTS
_cARTS
_bhin
041 _2hin
_ahin
082 _aO152,3N175,DW, J9
100 _aमाचवे, प्रभाकर
_9156279
245 0 _aद्वाभा
246 _aDvābhā
250 _aसंस्क0 2
260 _c1959
650 _aहिन्दी साहित्य
_9156264
942 _hO152,3N175,DW, J9
_cTEXL
_2CC
999 _c325514
_d325514